India since 1980 / (Record no. 139360)

MARC details
000 -LEADER
fixed length control field 00606nam a22002057a 4500
005 - DATE AND TIME OF LATEST TRANSACTION
control field 20170428153439.0
010 ## - LCCN (DPL NO)
LC control number ENG-117987
020 ## - INTERNATIONAL STANDARD BOOK NUMBER
International Standard Book Number 9781107020276
Terms of availability 395.00
035 ## - SYSTEM CONTROL NUMBER
System control number EN-101519
037 ## - SOURCE OF ACQUISITION
Source of stock number/acquisition DBAD/PUB
082 ## - DEWEY DECIMAL CLASSIFICATION NUMBER
Classification number 954
100 ## - MAIN ENTRY--PERSONAL NAME
Personal name Ganguly,Sumit
245 10 - TITLE STATEMENT
Title India since 1980 /
Statement of responsibility, etc by Sumit Ganguly [and] Rahul Mukherji
260 ## - PUBLICATION, DISTRIBUTION, ETC. (IMPRINT)
Place of publication, distribution, etc New Delhi
Name of publisher, distributor, etc Cambridge University Press
Date of publication, distribution, etc 2011
270 ## - ADDRESS
Address 4381/4, Ansari Road, Daryaganj
City New Delhi
Postal code 110002
300 ## - PHYSICAL DESCRIPTION
Extent xi,201p.
Dimensions 23cm(Hb)
500 ## - GENERAL NOTE
General note Includes index
700 ## - ADDED ENTRY--PERSONAL NAME
Personal name Mukherji,Rahul
942 ## - ADDED ENTRY ELEMENTS (KOHA)
Source of classification or shelving scheme Dewey Decimal Classification
Item type English Books
Call number suffix GAN
Classification part 954
Holdings
Withdrawn status Lost status Not for loan Collection code Home library Current library Date acquired Source of acquisition Cost, normal purchase price Full call number Barcode Copy number Cost, replacement price Koha item type
    Not For Loan Non-fiction D.B.Act.Division Bawana 28/04/2017 EN-101519 395.00 954 GAN EN-101519 1 395.00 English Books

© Delhi Public Library
Hit Counter
free hit counter